00460nam a2200145Ia 4500020001800000082002000018245008100038260002900119300001200148650003800160650003800198650003900236700001600275700002300291 a9780387773520 a363.738746 ECO- 0aEconomics and management of climate change: risks, mitigation and adaptation aNew YorkbSpringerc2008 aix, 304 aClimatic changesvRisk assessment aClimatic changesvRisk management aClimatic changesvEconomic aspects aAntes, Ralf aHansjurgens, Bernd